Music Quiz

Random Music or Song Quiz

'Fight for Your Right' Lyrics Quiz Stats

 Plays Quiz Updated Dec 8, 2013

Support Sporcle.
Go Orange.
Score 0/148 Timer 06:00
0 Plays Today
% Correct
You
98%
you
98%
You
98%
You
98%
You
98%
you
98%
You
98%
you
98%
you
98%
You
98%
You
97.9%
for
96.6%
for
96.6%
for
96.6%
for
96.6%
fight
96.3%
fight
96.3%
fight
96.3%
fight.
96.2%
to
96.1%
to
96.1%
to
96.1%
your
96%
your
96%
your
96%
Your
96%
your
96%
your
96%
your
96%
Your
96%
your
96%
go.
95.9%
right
95.7%
right
95.7%
right
95.7%
party!
95.4%
party.
95.4%
party.
95.4%
PAAAAAAAAAAAAAARTY!
95.4%
PAAAAAAAAAAAAAARTY!
95.4%
gotta
94.6%
gotta
94.6%
gotta
94.6%
gotta
94.5%
a
90.8%
a
90.8%
Aw,
83.6%
'NO!'
82.7%
no
82.7%
'NO
82.7%
% Correct
and
81%
and
81%
and
81%
the
80.4%
the
80.4%
mom
78.9%
mom
78.9%
mom
78.9%
mom,
78.9%
it!
75.1%
she
73.3%
don't
72.6%
Don't
72.6%
don't
72.6%
says
72.6%
That
72.2%
that
72.2%
that
72.2%
but
70.7%
But
70.7%
wanna
69.7%
of
69%
of
69%
of
69%
school.
68.2%
up
67%
he
67%
home
66.1%
home
66.1%
is
65.6%
mag.
65.4%
best
65.3%
porno
65.3%
two
65.3%
two
65.3%
you're
64.9%
you're
64.9%
you're
64.9%
ask
64.1%
late
63.6%
day.
63.4%
WAY.'
63.3%
wake
63.1%
away
62.5%
just
62.1%
still
61.7%
It's
61.2%
in
60%
Boys.
60%
Kick
59.9%
% Correct
kick
59.9%
packs
59.8%
'please,'
59.7%
smokes
59.3%
threw
59.3%
Beastie
59.1%
teacher
58.7%
homework.
58.4%
some
58.3%
said
57.9%
said
57.9%
like
57.5%
if
57.1%
if
57.1%
kind
56.2%
jerk.
55.9%
at
54.7%
class
54.4%
out
53.7%
out
53.7%
hypocrite
53.2%
noise?'
51.5%
Man,
51.3%
Man,
51.3%
'What's
51.3%
drag.
50.3%
such
49.7%
jealous.
48.9%
classes
48.8%
my
48.5%
smoking,
48.2%
cut
47.8%
hair.
47.6%
living
47.1%
caught
45.7%
gonna
44.4%
this
43.7%
I'll
41.8%
missed
40.5%
wear.
40%
clothes
39.6%
house
38.8%
pops
38.4%
that's
37.7%
Now,
37.3%
preaches
37.3%
busted
35%
step
15.7%

You're not logged in!

Compare scores with friends on all Sporcle quizzes.
OR
Log In
Forgot?

From the Vault

20 Famous Construction Projects

by georgieburgess

History 6m
If you build it, they will come...
Remove Ads.
Support Sporcle.
Get the best of Sporcle when you Go Orange. This ad-free experience offers more features, more stats, and more fun while also helping to support Sporcle. Thank you for becoming a member.

Show Comments

Extras

Top Quizzes Today


Score Distribution

Your Account Isn't Verified!

In order to create a playlist on Sporcle, you need to verify the email address you used during registration. Go to your Sporcle Settings to finish the process.

Report this User

Report this user for behavior that violates our Community Guidelines.

Details: